Operating System:internals and design principles (Record no. 5085)

MARC details
000 -LEADER
fixed length control field 00469nam a22001817a 4500
005 - DATE AND TIME OF LATEST TRANSACTION
control field 20210909145917.0
008 - FIXED-LENGTH DATA ELEMENTS--GENERAL INFORMATION
fixed length control field 160701b xxu||||| |||| 00| 0 eng d
020 ## - INTERNATIONAL STANDARD BOOK NUMBER
ISBN 978-93-325-1880-3
041 ## - LANGUAGE CODE
Language code of text/sound track or separate title eng
082 ## - DEWEY DECIMAL CLASSIFICATION NUMBER
Item number 20487
Classification number 005.43
100 ## - MAIN ENTRY--AUTHOR NAME
Personal name Stallings Williams
245 ## - TITLE STATEMENT
Title Operating System:internals and design principles
250 ## - EDITION STATEMENT
Edition statement 7th ed.
260 ## - PUBLICATION, DISTRIBUTION, ETC. (IMPRINT)
Name of publisher Pearson
Year of publication 2015
Place of publication Noida
300 ## - PHYSICAL DESCRIPTION
Number of Pages 694
650 ## - SUBJECT ADDED ENTRY--TOPICAL TERM
Topical Term Information Technology
942 ## - ADDED ENTRY ELEMENTS (KOHA)
Koha item type Books
Holdings
Lost status Damaged status Collection code Home library Current library Shelving location Date acquired Cost, normal purchase price Full call number Accession Number Koha item type
    Reference JRU Library   SHELF-52-D 01/07/2016 799.00 005.43 20487 Books
    CS/IT JRU Library JRU Library SHELF-101-I 01/07/2016 799.00 005.43 20488 Books
    CS/IT JRU Library JRU Library SHELF-51-A 01/07/2016 799.00 005.43 20489 Books
    CS/IT JRU Library JRU Library SHELF-52-D 01/07/2016 799.00 005.43 20490 Books
    CS/IT JRU Library JRU Library SHELF-51-A 01/07/2016 799.00 005.43 20491 Books